00255nam a2200085Ia 4500008004100000041000800041100002000049245006900069260003100138241105s9999 xx 000 0 und d aeng aMundada Medhavi aLandscape Experience And Learning Centre At Kharghar Navi Mumbai bBNCA M Arch LA, Punec2020